Komparácia štátnych podpôr pre rodiny s deťmi v SR a v Anglicku bakalárska práca

Uložené v:
Podrobná bibliografia
Hlavný autor: Kaščáková, Beáta
Korporativný autor: Národohospodárska fakulta EU. Katedra sociálneho rozvoja a práce
Ďalší autori: Husáková, Mária
Médium: Kniha
Jazyk:Slovak
Vydavateľské údaje: Bratislava 2012
Tagy: Pridať tag
Žiadne tagy, Buďte prvý, kto otaguje tento záznam!

MARC

LEADER 00000nbm a2200000 4500
001 0155784
005 20161109111916.1
041 0 |a slo 
044 |a SK 
245 1 0 |a Komparácia štátnych podpôr pre rodiny s deťmi v SR a v Anglicku  |b bakalárska práca  |c Beáta Kaščáková ; školiteľ: Mária Husáková 
264 1 |a Bratislava  |c 2012 
300 |a 55 s. 
100 1 |a Kaščáková, Beáta 
700 1 |a Husáková, Mária 
710 2 |a Národohospodárska fakulta EU. Katedra sociálneho rozvoja a práce